[Event "Mecklenburg VP Verbandsliga 1920"]
[Site "Mecklenburg VP"]
[Date "2020.01.19"]
[Round "5.7"]
[White "Wucherer, Sophie"]
[Black "Piske, Thomas"]
[Result "0-1"]
[WhiteElo "1531"]
[BlackElo "1944"]
[PlyCount "56"]
[EventDate "2019.09.29"]
[EventType "team-tourn"]
[EventRounds "9"]
[EventCountry "GER"]
[SourceTitle "EXT 2023"]
[Source "ChessBase"]
[SourceDate "2022.10.05"]
[SourceVersion "1"]
[SourceVersionDate "2022.10.05"]
[SourceQuality "1"]
[WhiteTeam "Greifswald II"]
[BlackTeam "Grevesmuehlen Blau Weiss"]
[WhiteTeamCountry "GER"]
[BlackTeamCountry "GER"]

1. d4 Nf6 2. c4 g6 3. Nc3 Bg7 4. Nf3 0-0 5. g3 d6 6. Bg2 Nc6 7. 0-0 Bg4 8. h3 Bxf3 9. Bxf3 Qc8 10. Bg2 Nd7 11. d5 Nce5 12. Qc2 Nxc4 13. Nb5 Ncb6 14. Nxc7 Rb8 15. Be3 Nc5 16. Nb5 a6 17. Nd4 Ncd7 18. Qb3 Qc4 19. Rab1 Bxd4 20. Qxc4 Nxc4 21. Bxd4 Nd2 22. f4 Nxb1 23. Rxb1 Rfc8 24. Bc3 b5 25. e3 Nb6 26. e4 Na4 27. Bd4 Rc2 28. Bf1 Rbc8 0-1

[Event "Mecklenburg VP Landesliga Ost 1920"]
[Site "Mecklenburg VP"]
[Date "2019.12.08"]
[Round "4.3"]
[White "Riebort, Frank"]
[Black "Wucherer, Sophie"]
[Result "1-0"]
[WhiteElo "2016"]
[BlackElo "1531"]
[PlyCount "91"]
[EventDate "2019.09.29"]
[EventType "team-tourn"]
[EventRounds "9"]
[EventCountry "GER"]
[SourceTitle "EXT 2023"]
[Source "ChessBase"]
[SourceDate "2022.10.05"]
[SourceVersion "1"]
[SourceVersionDate "2022.10.05"]
[SourceQuality "1"]
[WhiteTeam "Wolgast Motor"]
[BlackTeam "Greifswald III"]
[WhiteTeamCountry "GER"]
[BlackTeamCountry "GER"]

1. d4 Nf6 2. c4 c5 3. d5 b5 4. cxb5 a6 5. Nc3 axb5 6. Nxb5 Qa5+ 7. Nc3 Ba6 8. Bd2 Qc7 9. Nf3 d6 10. g3 g6 11. Bg2 Bg7 12. 0-0 0-0 13. Re1 Nbd7 14. e4 Ng4 15. Bh3 Nge5 16. Bxd7 Qxd7 17. Nxe5 Bxe5 18. Qc2 Rfb8 19. Rab1 Bb5 20. b3 Qb7 21. Nxb5 Qxb5 22. a4 Qa6 23. a5 Rb7 24. b4 Rc8 25. Rec1 Bd4 26. Qc4 Qxc4 27. Rxc4 Rb5 28. Rbc1 Rcb8 29. R1c2 Kf8 30. Kf1 Ke8 31. Ke2 Kd7 32. Ra2 Ra8 33. Rac2 Rab8 34. f4 e6 35. bxc5 Bxc5 36. dxe6+ Kxe6 37. Ra4 Kd7 38. Be3 Kc6 39. Bxc5 Rxc5 40. Rxc5+ Kxc5 41. a6 Ra8 42. Kd3 Kb5 43. Ra2 Kc5 44. a7 f5 45. exf5 gxf5 46. Ra1 1-0

[Event "GER-chT Lands U20"]
[Site "Wuerzburg"]
[Date "2019.10.05"]
[Round "6.10"]
[White "Alhassan, Jodi"]
[Black "Wucherer, Sophie"]
[Result "0-1"]
[WhiteElo "1147"]
[BlackElo "1531"]
[PlyCount "74"]
[EventDate "2019.10.01"]
[EventType "team-swiss"]
[EventRounds "7"]
[EventCountry "GER"]
[SourceTitle "EXT 2020"]
[Source "ChessBase"]
[SourceDate "2019.10.17"]
[SourceVersion "1"]
[SourceVersionDate "2019.10.17"]
[SourceQuality "1"]
[WhiteTeam "Saarland"]
[BlackTeam "Mecklenburg Vorpommern"]
[WhiteTeamCountry "GER"]
[BlackTeamCountry "GER"]

1. e4 e6 2. d4 d5 3. exd5 exd5 4. Bd3 Bd6 5. Nf3 Bg4 6. 0-0 c6 7. Re1+ Ne7 8. c3 Qc7 9. h3 Bh5 10. Nbd2 Nd7 11. Qc2 f6 12. Nh4 0-0-0 13. Bxh7 g5 14. Nf5 Nxf5 15. Bxf5 Rdg8 16. Be6 Rg7 17. Qf5 Be7 18. Bxd7+ Qxd7 19. Qxd7+ Kxd7 20. g4 Bf7 21. Kg2 Rgh7 22. Rh1 Be6 23. f3 f5 24. Kg3 fxg4 25. fxg4 Bxg4 26. Kf2 Rxh3 27. Rxh3 Rxh3 28. Nf1 Rh5 29. Be3 Bd6 30. Ng3 Rh2+ 31. Kf1 Bxg3 32. Rc1 Bh3+ 33. Kg1 Rg2+ 34. Kh1 Bh2 35. b4 Rxa2 36. Bxg5 Bf5 37. Re1 Be4+ 0-1

[Event "GER-ch U16 Girls"]
[Site "Willingen"]
[Date "2019.06.11"]
[Round "4"]
[White "Huppert, Anna"]
[Black "Wucherer, Sophie"]
[Result "0-1"]
[WhiteElo "1515"]
[BlackElo "1496"]
[PlyCount "148"]
[EventDate "2019.06.08"]
[EventType "swiss"]
[EventRounds "9"]
[EventCountry "GER"]
[SourceTitle "CBM 191 Extra"]
[Source "ChessBase"]
[SourceDate "2019.09.30"]
[SourceVersion "1"]
[SourceVersionDate "2019.09.30"]
[SourceQuality "1"]

1. e4 c5 2. Nc3 e6 3. f4 d5 4. e5 Nc6 5. Bb5 Nge7 6. Nf3 a6 7. Bxc6+ Nxc6 8. d4 Qb6 9. Ne2 Bd7 10. Rb1 cxd4 11. Nexd4 Nxd4 12. Nxd4 Qa5+ 13. Bd2 Qxa2 14. 0-0 Bc5 15. Be3 0-0 16. Kh1 Rac8 17. Rf3 f6 18. Rh3 fxe5 19. fxe5 Qc4 20. Qd2 Rf1+ 21. Rxf1 Qxf1+ 22. Bg1 Bxd4 23. Qxd4 Rxc2 24. Rg3 Qc4 25. Qb6 Qc7 26. Qb3 Rc1 27. Qe3 Bb5 28. h3 b6 29. Kh2 Qc5 30. Bf2 Qxe3 31. Bxe3 Rc2 32. Bd4 Bc4 33. b3 Be2 34. Bxb6 Rd2 35. Ba5 Rd1 36. Rc3 d4 37. Rc6 Kf7 38. Kg3 Bb5 39. Rc7+ Kg6 40. Kf4 Rf1+ 41. Ke4 d3 42. Re7 Rf2 43. Rxe6+ Kf7 44. Rd6 Re2+ 45. Kf4 Rxg2 46. Kf3 Rb2 47. Be1 Rxb3 48. Kg4 Rb2 49. h4 Ra2 50. Kf5 Bc4 51. Rd7+ Ke8 52. Rd4 Ra4 53. Bc3 Bb5 54. Rxa4 Bxa4 55. h5 Bc2 56. Kg5 Kf7 57. h6 g6 58. Kf4 Ke6 59. Ke3 Kf5 60. Kf2 g5 61. Kg3 Kg6 62. Kf3 Kxh6 63. e6 Kg6 64. Kg3 Kf5 65. e7 Ba4 66. Kf3 h5 67. Ke3 Bb5 68. e8Q Bxe8 69. Kxd3 h4 70. Ke3 g4 71. Kf2 g3+ 72. Kg2 Kg4 73. Be5 h3+ 74. Kh1 Bc6+ 0-1

[Event "GER-ch U16 Girls"]
[Site "Willingen"]
[Date "2019.06.10"]
[Round "3"]
[White "Wucherer, Sophie"]
[Black "Zell, Hannah"]
[Result "0-1"]
[WhiteElo "1496"]
[BlackElo "1494"]
[PlyCount "62"]
[EventDate "2019.06.08"]
[EventType "swiss"]
[EventRounds "9"]
[EventCountry "GER"]
[SourceTitle "CBM 191 Extra"]
[Source "ChessBase"]
[SourceDate "2019.09.30"]
[SourceVersion "1"]
[SourceVersionDate "2019.09.30"]
[SourceQuality "1"]

1. d4 f5 2. Nf3 Nf6 3. Bf4 g6 4. c4 Bg7 5. Nc3 0-0 6. e3 d6 7. Be2 Nbd7 8. Qc2 a6 9. Rd1 Qe8 10. d5 e5 11. dxe6 Qxe6 12. Nd5 Nxd5 13. cxd5 Qf6 14. Qxc7 Qxb2 15. Nd4 Bxd4 16. Rxd4 Nf6 17. Bh6 Bd7 18. Bf3 Rac8 19. Qa5 Rc1+ 20. Bd1 Bb5 21. Qd2 Qxd2+ 22. Rxd2 Rfc8 23. f3 Bc4 24. Kf2 Ra1 25. Re1 Rxa2 26. Rxa2 Bxa2 27. Re2 Bxd5 28. Rd2 Kf7 29. Bf4 Rc6 30. h3 h5 31. Rd4 Ke7 0-1

[Event "Mecklenburg VP-ch op"]
[Site "Greifswald"]
[Date "2019.04.15"]
[Round "6.8"]
[White "Wucherer, Sophie"]
[Black "Langbein, Wolfgang"]
[Result "1-0"]
[WhiteElo "1455"]
[BlackElo "1319"]
[PlyCount "113"]
[EventDate "2019.04.13"]
[EventType "swiss"]
[EventRounds "7"]
[EventCountry "GER"]
[SourceTitle "EXT 2023"]
[Source "ChessBase"]
[SourceDate "2022.10.05"]
[SourceVersion "1"]
[SourceVersionDate "2022.10.05"]
[SourceQuality "1"]

1. d4 Nf6 2. Nf3 d5 3. c4 e6 4. a3 c6 5. e3 Be7 6. Nc3 0-0 7. b4 dxc4 8. Bxc4 Nbd7 9. 0-0 Nd5 10. Bb2 N7f6 11. Qc2 Nxc3 12. Bxc3 Bd6 13. Bd3 h6 14. Rfc1 Bb8 15. Bb2 a6 16. a4 Nd5 17. Ba3 Re8 18. Ne5 Bxe5 19. dxe5 Qb6 20. Qc5 Rd8 21. Bf1 Rd7 22. b5 Qxc5 23. Rxc5 axb5 24. axb5 Nb4 25. Bb2 Rxa1 26. Bxa1 b6 27. Rc1 c5 28. Bc4 Ra7 29. Bb2 Nd5 30. Rd1 Rd7 31. Rb1 Kf8 32. Kf1 Ke7 33. Ke2 g5 34. h3 Ra7 35. Kd2 Bd7 36. Ra1 Rxa1 37. Bxa1 Nc7 38. g3 h5 39. Be2 h4 40. g4 Nxb5 41. Bf3 Nc7 42. e4 Bb5 43. Be2 Bxe2 44. Kxe2 Kd7 45. Bc3 Kc6 46. Bd2 f6 47. exf6 e5 48. Bxg5 Ne6 49. Bxh4 Nf4+ 50. Kd2 Kd7 51. f7 Ng6 52. g5 Ke7 53. Bg3 Kxf7 54. h4 Ke6 55. h5 Nf8 56. g6 Kf6 57. Bxe5+ 1-0

[Event "Mecklenburg VP-ch op"]
[Site "Greifswald"]
[Date "2019.04.13"]
[Round "2.5"]
[White "Wellssow, Keoki"]
[Black "Wucherer, Sophie"]
[Result "1-0"]
[WhiteElo "1523"]
[BlackElo "1455"]
[PlyCount "73"]
[EventDate "2019.04.13"]
[EventType "swiss"]
[EventRounds "7"]
[EventCountry "GER"]
[SourceTitle "EXT 2023"]
[Source "ChessBase"]
[SourceDate "2022.10.05"]
[SourceVersion "1"]
[SourceVersionDate "2022.10.05"]
[SourceQuality "1"]

1. d4 Nf6 2. c4 c5 3. e3 cxd4 4. exd4 d5 5. Nf3 e6 6. Bf4 Be7 7. Nc3 0-0 8. Nb5 Na6 9. c5 Bd7 10. Nd6 Bc6 11. Bd3 Ne8 12. Nxe8 Rxe8 13. a3 Bb5 14. 0-0 Bxd3 15. Qxd3 Nb8 16. b4 b6 17. Rfc1 Nc6 18. b5 Nxd4 19. Nxd4 bxc5 20. Nc6 Qd7 21. Nxe7+ Qxe7 22. Qc3 e5 23. Bg3 c4 24. Re1 f6 25. Rad1 Qc5 26. Qb4 Qxb4 27. axb4 d4 28. f4 d3 29. fxe5 fxe5 30. Rxe5 Rxe5 31. Bxe5 Re8 32. Bc3 Re2 33. Rd2 Re1+ 34. Kf2 Rc1 35. Bb2 Rb1 36. Ke3 Re1+ 37. Kd4 1-0

[Event "Mecklenburg VP-ch op"]
[Site "Greifswald"]
[Date "2019.04.13"]
[Round "1.5"]
[White "Wucherer, Sophie"]
[Black "Feige, Adelina"]
[Result "1-0"]
[WhiteElo "1455"]
[BlackElo "1350"]
[PlyCount "37"]
[EventDate "2019.04.13"]
[EventType "swiss"]
[EventRounds "7"]
[EventCountry "GER"]
[SourceTitle "EXT 2023"]
[Source "ChessBase"]
[SourceDate "2022.10.05"]
[SourceVersion "1"]
[SourceVersionDate "2022.10.05"]
[SourceQuality "1"]

1. d4 d5 2. c4 e6 3. Nc3 Nf6 4. Nf3 Nc6 5. e3 b6 6. a3 Bd6 7. b4 e5 8. cxd5 exd4 9. Bb5 Bd7 10. dxc6 dxc3 11. cxd7+ Nxd7 12. Qd3 Qf6 13. Qe4+ Be7 14. Qxa8+ Bd8 15. Qe4+ Be7 16. 0-0 c5 17. Rd1 c2 18. Rxd7 0-0 19. Ra2 1-0

[Event "Mecklenburg VP-ch U16"]
[Site "Malchow"]
[Date "2019.02.06"]
[Round "7.6"]
[White "Puls, Luisa"]
[Black "Wucherer, Sophie"]
[Result "0-1"]
[WhiteElo "1465"]
[BlackElo "1455"]
[PlyCount "70"]
[EventDate "2019.02.02"]
[EventType "swiss"]
[EventRounds "7"]
[EventCountry "GER"]
[SourceTitle "EXT 2022"]
[Source "ChessBase"]
[SourceDate "2021.10.06"]
[SourceVersion "1"]
[SourceVersionDate "2021.10.06"]
[SourceQuality "1"]

1. Nf3 Nf6 2. c4 e6 3. d4 b6 4. Nc3 Bb4 5. Bd2 Bb7 6. e3 0-0 7. Bd3 Bxc3 8. Bxc3 Ne4 9. Qc2 f5 10. 0-0-0 d6 11. Rdg1 Nd7 12. h4 Ndf6 13. Nh2 Nxc3 14. bxc3 Be4 15. f3 Bxd3 16. Qxd3 Qe7 17. g4 Nd7 18. g5 e5 19. e4 f4 20. h5 c6 21. h6 g6 22. Kc2 Rfd8 23. Qf1 Nf8 24. Ng4 Nd7 25. Qh3 Kh8 26. Qh4 b5 27. cxb5 cxb5 28. Rb1 a6 29. Ra1 Rac8 30. Kd3 Qf7 31. Rhc1 Qc4+ 32. Kd2 exd4 33. cxd4 Qxd4+ 34. Ke1 Ne5 35. Qf2 Nd3+ 0-1

[Event "GER-ch U14 Girls"]
[Site "Willingen"]
[Date "2018.05.26"]
[Round "9"]
[White "Wucherer, Sophie"]
[Black "Prudlik, Elisa"]
[Result "0-1"]
[WhiteElo "1536"]
[BlackElo "1319"]
[PlyCount "84"]
[EventDate "2018.05.19"]
[EventType "swiss"]
[EventRounds "9"]
[EventCountry "GER"]
[SourceTitle "CBM 184 Extra"]
[Source "ChessBase"]
[SourceDate "2018.06.28"]
[SourceVersion "1"]
[SourceVersionDate "2018.06.28"]
[SourceQuality "1"]

1. d4 Nf6 2. Nf3 g6 3. c4 b5 4. e3 bxc4 5. Bxc4 d5 6. Be2 Bg7 7. Nc3 0-0 8. 0-0 Nc6 9. a3 a5 10. Bd2 Ba6 11. Qc2 Ne4 12. Bxa6 Nxd2 13. Nxd2 Rxa6 14. Nb3 e5 15. dxe5 Bxe5 16. Rfd1 d4 17. Ne2 a4 18. Nbxd4 Nxd4 19. Nxd4 Qb8 20. Nc6 Qxb2 21. Ne7+ Kh8 22. Qxb2 Bxb2 23. Ra2 Bf6 24. Nd5 Rd6 25. Kf1 Rfd8 26. Nxf6 Rxd1+ 27. Ke2 Rc1 28. e4 Kg7 29. Ng4 c5 30. Ne3 c4 31. Nd5 c3 32. f3 Rb8 33. Nb4 Kf6 34. Kd3 Rc8 35. Nd5+ Ke5 36. f4+ Ke6 37. Rc2 Rxc2 38. Kxc2 f5 39. Nxc3 fxe4 40. Kd2 Kf5 41. g3 Rd8+ 42. Kc1 e3 0-1

[Event "GER-ch U14 Girls"]
[Site "Willingen"]
[Date "2018.05.20"]
[Round "2"]
[White "Mellugja, Ornela"]
[Black "Wucherer, Sophie"]
[Result "0-1"]
[WhiteElo "747"]
[BlackElo "1536"]
[PlyCount "92"]
[EventDate "2018.05.19"]
[EventType "swiss"]
[EventRounds "9"]
[EventCountry "GER"]
[SourceTitle "CBM 184 Extra"]
[Source "ChessBase"]
[SourceDate "2018.06.28"]
[SourceVersion "1"]
[SourceVersionDate "2018.06.28"]
[SourceQuality "1"]

1. e3 Nf6 2. Bc4 d5 3. Be2 c5 4. d4 cxd4 5. exd4 e6 6. Bg5 Be7 7. Nd2 Nc6 8. Bb5 Bd7 9. c3 Qb6 10. a4 a6 11. Bd3 Qxb2 12. Rc1 Qb6 13. Rb1 Qa7 14. Ngf3 Rc8 15. Ne5 Na5 16. Nxd7 Nxd7 17. Bxe7 Kxe7 18. 0-0 Rxc3 19. Be2 Qxd4 20. Nf3 Qxd1 21. Rfxd1 h6 22. h3 Rhc8 23. Rd3 Rc1+ 24. Rxc1 Rxc1+ 25. Kh2 Ra1 26. Re3 Rxa4 27. Ne5 Nxe5 28. Rxe5 Re4 29. Rh5 Rxe2 30. Kg3 Nc4 31. f4 b5 32. f5 exf5 33. Rxf5 Rxg2+ 34. Kxg2 Ne3+ 35. Kf3 Nxf5 36. Kg4 b4 37. Kxf5 b3 38. Kg4 b2 39. h4 b1Q 40. Kf4 Qe4+ 41. Kg3 d4 42. Kh3 d3 43. Kg3 d2 44. Kh3 d1Q 45. Kh2 Qeh1+ 46. Kg3 Qdf3# 0-1

[Event "Mecklenburg VP-ch U14 Girls"]
[Site "Malchow"]
[Date "2018.02.07"]
[Round "3.3"]
[White "Avetyan, Manan"]
[Black "Wucherer, Sophie"]
[Result "0-1"]
[WhiteElo "1307"]
[BlackElo "1340"]
[PlyCount "100"]
[EventDate "2018.02.07"]
[EventType "tourn"]
[EventRounds "5"]
[EventCountry "GER"]
[SourceTitle "EXT 2022"]
[Source "ChessBase"]
[SourceDate "2021.10.06"]
[SourceVersion "1"]
[SourceVersionDate "2021.10.06"]
[SourceQuality "1"]

1. e4 e6 2. d4 d5 3. e5 c5 4. c3 Bd7 5. a3 a5 6. Nf3 Nc6 7. Be2 Qb6 8. 0-0 Rc8 9. Re1 cxd4 10. cxd4 Nge7 11. b3 Nf5 12. Bb2 Be7 13. Qd3 Na7 14. Nc3 Qxb3 15. Reb1 Qb6 16. g4 Nh6 17. Bc1 Qc7 18. Bxh6 gxh6 19. Rc1 Qb8 20. h4 Bc6 21. h5 Kd7 22. Qe3 Rcg8 23. Kh2 Rxg4 24. Qxh6 Qg8 25. Rg1 Bf8 26. Qe3 Be7 27. Rab1 Bxa3 28. Bb5 Nxb5 29. Nxb5 Be7 30. Na7 Rxg1 31. Nxg1 Qg4 32. Qh3 Qxd4 33. Nxc6 Qxf2+ 34. Kh1 Kxc6 35. Qc3+ Qc5 36. Qb3 Qa7 37. Qb5+ Kc7 38. Rc1+ Kd8 39. Nf3 Qa6 40. Qxa6 bxa6 41. Kg2 Kd7 42. Nd4 Rc8 43. Rb1 Bb4 44. Kg3 Ke7 45. Kf4 Rc4 46. Ke3 Bc5 47. Rd1 Bxd4+ 48. Rxd4 Rxd4 49. Kxd4 f6 50. exf6+ Kxf6 0-1

[Event "Mecklenburg VP-ch U14 Girls"]
[Site "Malchow"]
[Date "2018.02.07"]
[Round "1.3"]
[White "Wucherer, Sophie"]
[Black "Stadach, Emi Gisela"]
[Result "1-0"]
[WhiteElo "1340"]
[BlackElo "857"]
[PlyCount "101"]
[EventDate "2018.02.07"]
[EventType "tourn"]
[EventRounds "5"]
[EventCountry "GER"]
[SourceTitle "EXT 2022"]
[Source "ChessBase"]
[SourceDate "2021.10.06"]
[SourceVersion "1"]
[SourceVersionDate "2021.10.06"]
[SourceQuality "1"]

1. d4 d5 2. Bf4 Nc6 3. Nf3 Bf5 4. a3 Nf6 5. e3 a6 6. c4 e6 7. Nc3 Bd6 8. Bg3 0-0 9. Rc1 Qd7 10. Be2 b6 11. cxd5 exd5 12. 0-0 b5 13. Nxb5 axb5 14. Bxb5 Rab8 15. Bxc6 Qe6 16. Bxd6 Qxd6 17. Qe2 Bg4 18. b4 Ra8 19. Bxa8 Rxa8 20. Ra1 h6 21. Rfc1 Ne4 22. h3 Bh5 23. g4 Bg6 24. Ne5 Rc8 25. Rc6 Qe7 26. Nxg6 fxg6 27. Qc2 g5 28. b5 Nd6 29. Qc5 Qd7 30. Qxd5+ Kh7 31. b6 cxb6 32. Rxc8 Qxc8 33. Qxd6 Qb7 34. Rb1 b5 35. a4 Qe4 36. Rxb5 Qd3 37. Qe5 Qg6 38. Qf5 Qxf5 39. gxf5 h5 40. d5 g4 41. hxg4 h4 42. g5 g6 43. f6 h3 44. Rb7+ Kg8 45. d6 Kf8 46. d7 Kf7 47. d8Q+ Ke6 48. Kh2 Kf5 49. Qd4 Ke6 50. Re7+ Kf5 51. Qf4# 1-0

[Event "GER-ch U14 Girls"]
[Site "Willingen"]
[Date "2017.06.09"]
[Round "8"]
[White "Wucherer, Sophie"]
[Black "Jacoby, Angelina"]
[Result "1-0"]
[WhiteElo "1296"]
[BlackElo "1425"]
[PlyCount "71"]
[EventDate "2017.06.04"]
[EventType "swiss"]
[EventRounds "9"]
[EventCountry "GER"]
[SourceTitle "CBM 178 Extra"]
[Source "ChessBase"]
[SourceDate "2017.06.22"]
[SourceVersion "1"]
[SourceVersionDate "2017.06.22"]
[SourceQuality "1"]

1. d4 d5 2. Bf4 e6 3. Nf3 Bd6 4. Bg3 Nf6 5. e3 Qe7 6. Bd3 Nbd7 7. c3 0-0 8. 0-0 e5 9. Be2 e4 10. Nfd2 c6 11. c4 b6 12. Nc3 Bb7 13. a3 Bxg3 14. hxg3 a6 15. a4 Ne8 16. Rb1 Nc7 17. b4 Rfb8 18. Qc2 Nf6 19. Rfc1 Bc8 20. b5 axb5 21. axb5 cxb5 22. Nxd5 Ncxd5 23. cxd5 Bf5 24. Rxb5 Bd7 25. Rb2 Rc8 26. Qb1 Rxc1+ 27. Qxc1 Nxd5 28. Rb3 Rc8 29. Qa1 Bf5 30. Bc4 Qd7 31. Bxd5 Qxd5 32. Rxb6 Qd8 33. Qb1 Bg4 34. Nxe4 Bf5 35. f3 Qd5 36. Rb8 1-0

[Event "GER-ch U14 Girls"]
[Site "Willingen"]
[Date "2017.06.08"]
[Round "7"]
[White "Fuchs, Emily"]
[Black "Wucherer, Sophie"]
[Result "1-0"]
[WhiteElo "1318"]
[BlackElo "1296"]
[PlyCount "93"]
[EventDate "2017.06.04"]
[EventType "swiss"]
[EventRounds "9"]
[EventCountry "GER"]
[SourceTitle "CBM 178 Extra"]
[Source "ChessBase"]
[SourceDate "2017.06.22"]
[SourceVersion "1"]
[SourceVersionDate "2017.06.22"]
[SourceQuality "1"]

1. e4 e6 2. d4 d5 3. exd5 exd5 4. Bd3 Nf6 5. Nf3 Bg4 6. Bf4 Be7 7. Nbd2 Nc6 8. c3 Qd7 9. b4 a6 10. a4 Na7 11. Qb3 0-0 12. 0-0 Rfe8 13. Ne5 Qd8 14. Bg5 Be6 15. Bxf6 Bxf6 16. f4 Re7 17. Ndf3 Nc8 18. f5 Bd7 19. Qxd5 c6 20. Qb3 Be8 21. Ng4 Rc7 22. Rae1 Nd6 23. Nxf6+ Qxf6 24. Ne5 b5 25. c4 Rd8 26. c5 Nb7 27. axb5 axb5 28. Rf4 Rd5 29. Bxb5 Kf8 30. Rfe4 Re7 31. Bc4 Rd8 32. d5 h6 33. d6 Nxd6 34. cxd6 Rxd6 35. Qe3 Qxf5 36. Ng6+ Qxg6 37. Rxe7 Kg8 38. Rxe8+ Kh7 39. Qe4 f5 40. Bg8+ Kh8 41. Bf7+ Kh7 42. Bxg6+ Kxg6 43. Qf4 Rf6 44. R1e6 Rxe6 45. Rxe6+ Kh5 46. Qxf5+ Kh4 47. g3# 1-0

[Event "GER-ch U14 Girls"]
[Site "Willingen"]
[Date "2017.06.04"]
[Round "1"]
[White "Wucherer, Sophie"]
[Black "Sinnhoefer, Lilian"]
[Result "1-0"]
[WhiteElo "1296"]
[BlackElo "1595"]
[PlyCount "93"]
[EventDate "2017.06.04"]
[EventType "swiss"]
[EventRounds "9"]
[EventCountry "GER"]
[SourceTitle "CBM 178 Extra"]
[Source "ChessBase"]
[SourceDate "2017.06.22"]
[SourceVersion "1"]
[SourceVersionDate "2017.06.22"]
[SourceQuality "1"]

1. e4 e5 2. Nf3 Nc6 3. Nc3 Nf6 4. d4 exd4 5. Nxd4 Bb4 6. Nxc6 bxc6 7. Bd3 0-0 8. 0-0 Re8 9. Qf3 d5 10. exd5 cxd5 11. Bg5 c6 12. a3 Bd6 13. Na4 Be5 14. Rab1 Qc7 15. g3 Bg4 16. Qg2 Qc8 17. Rfe1 h6 18. Be3 Bf5 19. Rbd1 Bxd3 20. Rxd3 Bd6 21. Qf1 c5 22. b3 Qc6 23. Bc1 c4 24. Rc3 Be5 25. Rce3 Bd4 26. R3e2 Ne4 27. Be3 Bxe3 28. fxe3 Rab8 29. Rb1 Nc5 30. Nxc5 Qxc5 31. b4 Qb6 32. Qf3 Rbd8 33. Kg2 Qg6 34. Rd1 Qe4 35. Rd4 Qxf3+ 36. Kxf3 Re5 37. e4 dxe4+ 38. Rexe4 Rxe4 39. Rxd8+ Kh7 40. Kxe4 f6 41. Rd7 a6 42. Ra7 Kg6 43. Kf4 c3 44. Rxa6 Kh5 45. Ra5+ g5+ 46. Kf5 g4 47. Kxf6# 1-0

[Event "Mecklenburg VP-ch Youth"]
[Site "Malchow"]
[Date "2017.02.16"]
[Round "1.4"]
[White "Gazizov, Max"]
[Black "Wucherer, Sophie"]
[Result "1-0"]
[WhiteElo "1461"]
[BlackElo "1229"]
[PlyCount "67"]
[EventDate "2017.02.08"]
[EventType "swiss"]
[EventRounds "7"]
[EventCountry "GER"]
[SourceTitle "EXT 2022"]
[Source "ChessBase"]
[SourceDate "2021.10.06"]
[SourceVersion "1"]
[SourceVersionDate "2021.10.06"]
[SourceQuality "1"]

1. d4 Nf6 2. c4 e6 3. Nc3 Bb4 4. Qc2 b6 5. Nf3 Bb7 6. Bg5 d5 7. e3 Nbd7 8. a3 Bxc3+ 9. Qxc3 Ne4 10. Bxd8 Nxc3 11. Bxc7 Ne4 12. cxd5 Bxd5 13. Ba6 Nb8 14. Bxb8 Rxb8 15. Rc1 Kd8 16. Ne5 Nd6 17. Ke2 Bb7 18. Nc6+ Bxc6 19. Rxc6 Kd7 20. Rhc1 b5 21. Rc7+ Kd8 22. Rxa7 g6 23. b3 Ke8 24. Kd3 Kf8 25. Rd7 Rb6 26. Rd8+ Kg7 27. Rxh8 Kxh8 28. Bc8 Rb8 29. Bd7 Ra8 30. Rc6 b4 31. axb4 Nf5 32. Rc8+ Rxc8 33. Bxc8 Nd6 34. Ba6 1-0

[Event "Mecklenburg VP-ch Youth"]
[Site "Malchow"]
[Date "2017.02.16"]
[Round "5.4"]
[White "Trams, Emma Joe"]
[Black "Wucherer, Sophie"]
[Result "0-1"]
[WhiteElo "1340"]
[BlackElo "1229"]
[PlyCount "82"]
[EventDate "2017.02.08"]
[EventType "swiss"]
[EventRounds "7"]
[EventCountry "GER"]
[SourceTitle "EXT 2022"]
[Source "ChessBase"]
[SourceDate "2021.10.06"]
[SourceVersion "1"]
[SourceVersionDate "2021.10.06"]
[SourceQuality "1"]

1. e4 d5 2. exd5 Qxd5 3. Nc3 Qa5 4. Nf3 c6 5. Bc4 Bg4 6. d3 e6 7. 0-0 Nf6 8. h3 Bh5 9. a3 Be7 10. Re1 Nbd7 11. Qe2 0-0 12. Bxe6 Bxf3 13. Qxf3 fxe6 14. Qe3 e5 15. Bd2 Qc7 16. b4 Bd6 17. Ne2 c5 18. c4 a6 19. Ng3 Rad8 20. Nf5 Nh5 21. Qg5 Ndf6 22. Nxd6 Qxd6 23. g4 Nf4 24. Re3 Nxd3 25. bxc5 Qxc5 26. Rxd3 Rxd3 27. Bb4 Qd4 28. Re1 Re8 29. Qf5 Rxh3 30. Kf1 Qxc4+ 31. Re2 Nxg4 32. Qd7 Qc6 33. Qxc6 bxc6 34. Re4 Nf6 35. Rc4 Re6 36. Bc5 Rh5 37. Ra4 e4 38. Be3 Ng4 39. Bb6 e3 40. Rxg4 e2+ 41. Ke1 Rh1+ 0-1

[Event "GER-chT Lands U20"]
[Site "Hannover"]
[Date "2016.10.05"]
[Round "7.8"]
[White "Basovskiy, Jana"]
[Black "Wucherer, Sophie"]
[Result "1-0"]
[WhiteElo "1522"]
[BlackElo "1177"]
[PlyCount "109"]
[EventDate "2016.10.01"]
[EventType "team-swiss"]
[EventRounds "7"]
[EventCountry "GER"]
[SourceTitle "CBM 174 Extra"]
[Source "ChessBase"]
[SourceDate "2016.10.10"]
[SourceVersion "1"]
[SourceVersionDate "2016.10.10"]
[SourceQuality "1"]
[WhiteTeam "Baden"]
[BlackTeam "Mecklenburg Vorpommern"]
[WhiteTeamCountry "GER"]
[BlackTeamCountry "GER"]

1. e4 d5 2. exd5 Qxd5 3. Nc3 Qa5 4. d4 c6 5. Bc4 Nf6 6. Bd2 Qc7 7. Nf3 Bf5 8. 0-0 e6 9. Bb3 Nbd7 10. Qe2 Bd6 11. Rfe1 0-0 12. Rad1 Rfe8 13. Be3 Nd5 14. Qd2 Rac8 15. h3 h6 16. Rc1 Nxe3 17. fxe3 Nf6 18. e4 Bf4 19. Qd1 Nxe4 20. Nxe4 Bxc1 21. Qxc1 b6 22. Qe3 Re7 23. c3 Kf8 24. Rf1 Rd8 25. Ne5 Kg8 26. Ba4 b5 27. Bd1 Bxe4 28. Qxe4 Rd6 29. Bh5 f6 30. Ng6 Red7 31. Nf4 Re7 32. Bg6 Qd7 33. Bh7+ Kf8 34. Ng6+ Ke8 35. Nxe7 Kxe7 36. Bg6 Kf8 37. Bh5 f5 38. Qe3 Qe7 39. Qg3 Rd7 40. Qg6 Qf7 41. Qxf7+ Rxf7 42. Bxf7 Kxf7 43. Kf2 Kf6 44. Ke3 g5 45. a4 a6 46. axb5 axb5 47. Ra1 e5 48. Ra6 exd4+ 49. cxd4 Kg6 50. Rxc6+ Kh5 51. d5 g4 52. hxg4+ fxg4 53. Kf4 b4 54. b3 g3 55. Rd6 1-0

[Event "GER-ch U12 Girls"]
[Site "Willingen"]
[Date "2016.05.19"]
[Round "8"]
[White "Wucherer, Sophie"]
[Black "Fuchs, Emily"]
[Result "1/2-1/2"]
[WhiteElo "1171"]
[BlackElo "1027"]
[PlyCount "101"]
[EventDate "2016.05.15"]
[EventType "swiss"]
[EventRounds "11"]
[EventCountry "GER"]
[SourceTitle "CBM 172 Extra"]
[Source "ChessBase"]
[SourceDate "2016.06.21"]
[SourceVersion "1"]
[SourceVersionDate "2016.06.21"]
[SourceQuality "1"]

1. e4 e5 2. Bc4 Nf6 3. Nc3 Nxe4 4. Nxe4 d5 5. Bb3 dxe4 6. Qe2 Nc6 7. Qxe4 Bd6 8. d3 0-0 9. Bd2 Qf6 10. Nf3 Bf5 11. Qe3 Nd4 12. Nxd4 exd4 13. Qf3 Rfe8+ 14. Kf1 Bxd3+ 15. cxd3 Qxf3 16. gxf3 c6 17. Re1 Rxe1+ 18. Kxe1 Re8+ 19. Kd1 h5 20. h3 Be7 21. Re1 Kf8 22. Re4 Rd8 23. a3 c5 24. Bc2 Rd5 25. b4 b6 26. Ke2 b5 27. bxc5 Bxc5 28. Bb4 Bxb4 29. axb4 f5 30. Bb3 Rd8 31. Re6 h4 32. Ra6 Rc8 33. Rxa7 Rc1 34. Rf7+ Ke8 35. Rxg7 Rb1 36. Be6 Rb2+ 37. Kf1 Rxb4 38. Bxf5 Rb1+ 39. Kg2 b4 40. Rb7 Kd8 41. Bd7 Rd1 42. Rxb4 Kxd7 43. Rxd4+ Ke7 44. Rxh4 Rxd3 45. Re4+ Kf6 46. Re3 Rd5 47. Re4 Kg5 48. f4+ Kh4 49. Re5 Rd8 50. Rg5 Rd5 51. Rxd5 1/2-1/2